Podążaj za wskazówkami - Statystyki

Ogólne statystyki
  • Ten quiz został rozwiązany 150 razy
    37 od ostatniego zresetowania
  • Średni wynik to 6 z 16
Answers on the Grid
Answers color-coded by a green-red scale on the quiz's grid according to % correct below.
1. NIE klikaj następnego przycisku.
2. Kliknij w przycisk 13.
3. Nie słuchaj numeru 5!
4. Kliknij "Wrocław".
5. Kliknij poprzedni przycisk.
6. Kliknij mnie.
7. JAK MNIE KLIKNIESZ, TO ZGINIESZ!!
8. Kliknij mnie, ale nie klikaj 14.
9. Kliknij w numer 26.
10. Numer 11. to oszust!
11. Kliknij w każdą liczbę będącą wielokrotnością liczby 7.
12. Kliknij pierwrzy przycisk.
13. Nie klikaj w przyciski, które kłamią na temat Zabrza.
14. Kliknij poprzedni i następny przycisk.
15. Nie klikaj przycisku z błędem ortograficznym.
16. Wiedziałeś, że Zabrze i Gdańsk są oddalone o 5km?
17. Kliknij w wielokrotności liczby 10.
18. osiem złotych.
19. Zabrze ma 218 mieszkańców.
20. Zabrze jest w województwie Śląskim.
21. NIE klikaj w przycisk "Rozważający".
22. Wrocław.
23. Jestem "Rozważający".
24. Kliknij mnie i następny przycisk.
25. Numer 28 Kłamie.
26. Kliknij w numer, który Ci powiedział, żeby mnie kliknąć.
27. Kliknij w napis zaczynający się od małej litery.
28. Kliknij poprzedni przycisk.
29. Kliknij numer, który będzie po działaniu:
8*5 - 70/2.
30. NUMER 31 KŁAMIE!!!
31. Nie klikaj w przycisk "Banan".
32. Banan.
 
Statystyki odpowiedzi
Odpowiedź % Poprawnych
13. Nie klikaj w przyciski, które kłamią na temat Zabrza.
75%
1. NIE klikaj następnego przycisku.
58%
22. Wrocław.
54%
6. Kliknij mnie.
50%
8. Kliknij mnie, ale nie klikaj 14.
38%
26. Kliknij w numer, który Ci powiedział, żeby mnie kliknąć.
33%
9. Kliknij w numer 26.
33%
10. Numer 11. to oszust!
29%
18. osiem złotych.
29%
20. Zabrze jest w województwie Śląskim.
29%
24. Kliknij mnie i następny przycisk.
29%
25. Numer 28 Kłamie.
29%
5. Kliknij poprzedni przycisk.
29%
15. Nie klikaj przycisku z błędem ortograficznym.
25%
30. NUMER 31 KŁAMIE!!!
25%
32. Banan.
25%
Nie znaleziono quizów pasujących do podanych kryteriów
Rozkład punktacji
Procent ludzi z każdym wynikiem
Percentyl według liczby udzielonych odpowiedzi
Twoja historia wyników
Nie rozwiązałeś tego quizu od ostatniego zresetowania